Reprezentacje CONCACAF, które wystąpiły na Mistrzostwach Świata - Statystyki

Ogólne statystyki
  • Ten quiz został rozwiązany 43 razy
  • Średni wynik to 10 z 11
Statystyki odpowiedzi
Ile razy? W jakich latach? Najlepszy wynik Reprezentacja % Poprawnych
6 1990, 2002, 2006, 2014, 2018, 2022 Ćwierćfinał Kostaryka
100%
17 1930, 1950, 1954, 1958, 1962, 1966, 1970, 1978, 1986, 1994, 1998, 2002, 2006, 2010, 2014, 2018, 2022 Ćwierćfinał Meksyk
97%
11 1930, 1934, 1950, 1990, 1994, 1998, 2002, 2006, 2010, 2014, 2022 3. miejsce Stany Zjednoczone
97%
3 1982, 2010, 2014 Faza grupowa Honduras
95%
2 1986, 2022 Faza grupowa Kanada
95%
1 1998 Faza grupowa Jamajka
92%
1 2018 Faza grupowa Panama
92%
1 2006 Faza grupowa Trynidad i Tobago
92%
1 1974 Faza grupowa Haiti
89%
2 1970, 1982 Faza grupowa Salwador
84%
1 1938 Ćwierćfinał Kuba
82%
Nie znaleziono quizów pasujących do podanych kryteriów
Rozkład punktacji
Procent ludzi z każdym wynikiem
Percentyl według liczby udzielonych odpowiedzi
Twoja historia wyników
Nie rozwiązałeś tego quizu